Dopady tvorby a využívania bezpečnostných opatrení (systémov)na účtovnú jednotku diplomová práca

Salvato in:
Dettagli Bibliografici
Autore principale: Zuščáková, Miroslava
Ente Autore: Fakulta hospodárskej informatiky EU. Katedra účtovníctva a audítorstva
Altri autori: Vépyová, Mária
Natura: Libro
Lingua:slovacco
Pubblicazione: Bratislava 2018
Tags: Aggiungi Tag
Nessun Tag, puoi essere il primo ad aggiungerne!!

MARC

LEADER 00000nbm a2200000 4500
001 0243580
005 20181108092840.7
041 0 |a slo 
044 |a SK 
245 1 0 |a Dopady tvorby a využívania bezpečnostných opatrení (systémov)na účtovnú jednotku  |b diplomová práca  |c Miroslava Zuščáková ; školiteľ: Mária Vépyová 
264 1 |a Bratislava  |c 2018 
300 |a 56 s. 
100 1 |a Zuščáková, Miroslava 
700 1 |a Vépyová, Mária 
710 2 |a Fakulta hospodárskej informatiky EU. Katedra účtovníctva a audítorstva